000 00560nam a2200169Ia 4500
003 IN-BaIIA
008 211028s9999 xx s 000 0 eng d
020 _a9780819431141 (Print)
040 _cIIA Library
100 _aErbacher, Robert, ed.
_948626
245 0 _aVisual Data Exploration and Analysis VI
_h[eBook]
260 _aWashington, USA
_bSPIE
_c1999
300 _aOnline resource
490 _aProceedings of SPIE; V. 3643
856 _uhttps://www.spiedigitallibrary.org/conference-proceedings-of-spie/3643
_yClick Here to Access eBook
942 _cEB
999 _c33672
_d33672